El caballero de Olmedo
Kaydedildi:
| Yazar: | |
|---|---|
| Materyal Türü: | Kitap |
| Dil: | İspanyolca |
| Baskı/Yayın Bilgisi: |
Zaragoza
Ebro
1979
|
| Edisyon: | 15a. ed |
| Seri Bilgileri: | Biblioteca Clásica Ebro. Clásicos Españoles, 28
|
| Konular: | |
| Etiketler: |
Etiketle
Etiket eklenmemiş, İlk siz ekleyin!
|
MARC
| LEADER | 00000nam a2200000 a 4500 | ||
|---|---|---|---|
| 001 | UCQ6126 | ||
| 003 | CL-VaPUC | ||
| 008 | 981009e19790000SP |||||||||||||||||spa|d | ||
| 082 | 0 | 4 | |a 862 |b VEG |2 21 |
| 100 | 0 | |a Vega, Lope de |e author |9 319628 | |
| 245 | 1 | 3 | |a El caballero de Olmedo |
| 250 | |a 15a. ed | ||
| 300 | |a 125 p | ||
| 942 | |c BK | ||
| 945 | |d 19981009 00:00:00 |a crobeson | ||
| 260 | |a Zaragoza |b Ebro |c 1979 | ||
| 650 | 0 | |a Dramas españoles |9 267081 | |
| 650 | 0 | |a Literatura española |9 306261 | |
| 583 | |a last modification |c 19981009 00:00:00 |k Rodrigo Vera | ||
| 490 | 0 | |a Biblioteca Clásica Ebro. Clásicos Españoles, 28 | |
| 999 | |c 276128 |d 276126 | ||
| 952 | |0 0 |1 0 |4 0 |6 862_000000000000000_VEG_1979 |7 0 |8 A |9 313260 |a BIBEDU |b BIBEDU |d 2019-11-20 |i 1476114 |o 862 VEG 1979 |p 1476114 |r 2019-11-20 |w 2019-11-20 |y BK |k LIT | ||